| 000 | 00000nam##2200000za#4500 |
| 001 | 9.602376 |
| 003 | CaOODSP |
| 005 | 20220328113247 |
| 007 | cr ||||||||||| |
| 008 | 150406|1998||||xxc|||||o f|0| 0 fre|d |
| 040 | |aCaOODSP|bfre |
| 043 | |an-cn--- |
| 086 | 1 |aC21-27/3-1998-2F-PDF |
| 110 | 1 |aCanada. |bIndustrie Canada. |
| 245 | 10|aRéactions individuelles à l'évolution du marché du travail au Canada / |h[ressource électronique]|cpar Paul Beaudry et David A. Green. |
| 260 | |aOttawa - Ontario : |bIndustrie Canada |cDécembre 1998. |
| 300 | |a98p.|bgraphiques, tableaux |
| 490 | 1 |aLe Canada au 21e siècle. III, Relever le défi|vN° 9 |
| 500 | |aLe n° de catalogue (C21-27/3-1998-2) et l'ISBN (0-662-63956-1) de l'édition imprimée bilingue ont été incorrectement copiés dans l'édition électronique. |
| 504 | |aBibliographie. |
| 590 | |a11-24-Supp|b2011-10-24 |
| 691 | 07|aJeune adulte|2gcpds |
| 691 | 07|aMarché du travail|2gcpds |
| 720 | 1 |aBeaudry, Paul |
| 720 | 1 |aGreen, David A. |
| 775 | 08|tIndividual responses to changes in the Canadian labour market / |w(CaOODSP)9.571956 |
| 776 | 0#|tIndividual responses to changes in the Canadian labour market / |w(CaOODSP)9.531376 |
| 776 | 0#|tRéactions individuelles à l'évolution du marché du travail au Canada / |w(CaOODSP)9.531377 |
| 830 | #0|aLe Canada au 21e siècle. III, Relever le défi ;|vN° 9|w(CaOODSP)9.502919 |
| 856 | 40|ahttp://publications.gc.ca|qPDF|s505 Ko|uhttps://publications.gc.ca/collections/Collection/C21-27-3-1998-2F.pdf|yN° 9 |